Języki urzędowe w państwach Europy - Statystyki

Ogólne statystyki
  • Ten quiz został rozwiązany 59 razy
    35 od ostatniego zresetowania
  • Średni wynik to 43 z 45
Statystyki odpowiedzi
Państwo Język % Poprawnych
Albania Albański
100%
Wielka Brytania Angielski
97%
Białoruś Białoruski/Rosyjski
97%
Bośnia i Hercegowina Bośniacki/Serbski
97%
Bułgaria Bułgarski
97%
Chorwacja Chorwacki
97%
Czechy Czeski
97%
Dania Duński
97%
Estonia Estoński
97%
Finlandia Fiński/Szwedzki
97%
Francja Francuski
97%
Luksemburg Francuski/Niemiecki/Luksemburski
97%
Grecja Grecki
97%
Hiszpania Hiszpański
97%
Irlandia Irlandzki/Angielski
97%
Islandia Islandzki
97%
Watykan Łaciński/Włoski
97%
Litwa Litewski
97%
Łotwa Łotewski
97%
Niemcy Niemiecki
97%
Szwajcaria Niemiecki/Francuski/Włoski
97%
Polska Polski
97%
Portugalia Portugalski
97%
Rosja Rosyjski
97%
Rumunia Rumuński
97%
Serbia Serbski
97%
Słowacja Słowacki
97%
Słowenia Słoweński
97%
Ukraina Ukraiński
97%
Węgry Węgierski
97%
San Marino Włoski
97%
Włochy Włoski
97%
Belgia Francuski/Niderlandzki
94%
Macedonia Północna Macedoński
94%
Malta Maltański/Angielski
94%
Monako Monegaski/Francuski
94%
Austria Niemiecki
94%
Liechtenstein Niemiecki
94%
Norwegia Norweski
94%
Szwecja Szwedzki
94%
Kosowo Albański/Serbski
90%
Czarnogóra Czarnogórski
87%
Holandia Niderlandzki
87%
Mołdawia Rumuński
84%
Andora Kataloński
55%
Nie znaleziono quizów pasujących do podanych kryteriów
Rozkład punktacji
Procent ludzi z każdym wynikiem
Percentyl według liczby udzielonych odpowiedzi
Twoja historia wyników
Nie rozwiązałeś tego quizu od ostatniego zresetowania